<?xml version="1.0" encoding="UTF-8"?><record xmlns="http://www.loc.gov/MARC21/slim" xmlns:zs="http://docs.oasis-open.org/ns/search-ws/sruResponse">
  <leader>01068cz  a2200205n  4500</leader>
  <controlfield tag="001">n  86001652 </controlfield>
  <controlfield tag="003">DLC</controlfield>
  <controlfield tag="005">20240703064538.0</controlfield>
  <controlfield tag="008">870309n| azannaabn          |n aaa      </controlfield>
  <datafield ind1=" " ind2=" " tag="010">
    <subfield code="a">n  86001652 </subfield>
  </datafield>
  <datafield ind1="7" ind2=" " tag="024">
    <subfield code="a">0000000072626361</subfield>
    <subfield code="2">isni</subfield>
    <subfield code="1">https://isni.org/isni/0000000072626361</subfield>
  </datafield>
  <datafield ind1="7" ind2=" " tag="024">
    <subfield code="a">Q2075679</subfield>
    <subfield code="2">wikidata</subfield>
    <subfield code="1">http://www.wikidata.org/entity/Q2075679</subfield>
  </datafield>
  <datafield ind1=" " ind2=" " tag="035">
    <subfield code="a">(OCoLC)oca01804087</subfield>
  </datafield>
  <datafield ind1=" " ind2=" " tag="040">
    <subfield code="a">DLC</subfield>
    <subfield code="b">eng</subfield>
    <subfield code="e">rda</subfield>
    <subfield code="c">DLC</subfield>
    <subfield code="d">DLC</subfield>
    <subfield code="d">MaCbHUHM</subfield>
  </datafield>
  <datafield ind1=" " ind2=" " tag="046">
    <subfield code="f">1895-01-18</subfield>
    <subfield code="g">1987-03-07</subfield>
    <subfield code="2">edtf</subfield>
  </datafield>
  <datafield ind1="1" ind2=" " tag="100">
    <subfield code="a">Herz, Peter,</subfield>
    <subfield code="d">1895-</subfield>
  </datafield>
  <datafield ind1=" " ind2=" " tag="370">
    <subfield code="a">Vienna (Austria)</subfield>
    <subfield code="b">Vienna (Austria)</subfield>
    <subfield code="c">Switzerland</subfield>
    <subfield code="c">France</subfield>
    <subfield code="f">London (England)</subfield>
    <subfield code="2">naf</subfield>
  </datafield>
  <datafield ind1=" " ind2=" " tag="374">
    <subfield code="a">Librettists</subfield>
    <subfield code="a">Authors</subfield>
    <subfield code="a">Journalists</subfield>
    <subfield code="2">lcsh</subfield>
  </datafield>
  <datafield ind1=" " ind2=" " tag="670">
    <subfield code="a">In einem Wiener Café, c1985:</subfield>
    <subfield code="b">t.p. (Peter Herz) p. 2 (b. 1/18/1895 in Vienna)</subfield>
  </datafield>
  <datafield ind1=" " ind2=" " tag="670">
    <subfield code="a">Deutsche Nationalbibliothek, via VIAF, viewed July 2, 2024</subfield>
    <subfield code="b">(Herz, Peter, 1895-1987; born 1895, Vienna, died 1987, Vienna; places of activity: Vienna, London; countries of exile: Switzerland, France, Great Britain; Austrian writer, librettist, and columnist)</subfield>
    <subfield code="u">http://www.viaf.org/processed/DNB%7C128634219</subfield>
  </datafield>
</record>
